| 000 | 00626nam a2200193 a 4500 | ||
|---|---|---|---|
| 003 | OSt | ||
| 005 | 20150408114119.0 | ||
| 008 | 130224s2010 iq a g b 000 0 ara d | ||
| 040 | _aMa-Un | ||
| 082 | 0 | 4 |
_221 _a571.6 _bح م ع |
| 100 | 1 |
_aحماش، محمود حياوي. _921628 |
|
| 245 | 1 | 0 |
_aعلم الخلية / _cمحمود حياوي حماش. |
| 250 | _aط. 1. | ||
| 260 |
_aبغداد : _bالذاكرة للنشر والتوزيع، _c2010 _m[1431] |
||
| 300 |
_a310 ص. : _bرسوم ؛ _c24 سم. |
||
| 504 | _aببليوجرافية : ص. 307-310. | ||
| 650 | 7 |
_aالخلايا _921630 _2aucsh |
|
| 942 |
_2ddc _cBOOK |
||
| 999 |
_c28082 _d262582 |
||